| 000 | 00705nam a22002175i 4500 | ||
|---|---|---|---|
| 001 | 48567 | ||
| 003 | ES-MaACL | ||
| 005 | 20230906161756.0 | ||
| 007 | t| | ||
| 008 | 950725s1897 fr ac ||||1| fre d | ||
| 040 |
_aCAM _bspa _cCAM |
||
| 100 | 1 |
_aDeschamps, Gaston. _943845 |
|
| 245 | 1 | 0 |
_aMarivaux / _cpar Gaston Deschamps. |
| 260 |
_aParis : _bLibrairie Hachette et Cie, _c1897 ( _fPaul Brodard) |
||
| 300 |
_a192 p., [1] h. de lam. ; _c19 cm. |
||
| 490 | 1 | _aLes grands écrivains français | |
| 600 | 0 | 4 |
_aMarivaux, Pierre Carlet de Chamblain de. _976906 |
| 830 | 0 |
_aLes grands écrivains français _9182230 |
|
| 852 |
_aES-MaACL _jB-3183(1) _z.- Encuadernado con otra obra |
||
| 999 |
_c48567 _d48567 |
||